| 000 | 00371nam a2200133Ia 4500 | ||
|---|---|---|---|
| 003 | OSt | ||
| 008 | 201019b ||||| |||| 00| 0 eng d | ||
| 082 |
_a658.15 _bMAM |
||
| 100 | _aMATTA, Satish K. | ||
| 245 | _aManagement of Financial Institutions and Services | ||
| 260 |
_aNew Delhi _bVrinda Publications P Ltd. _c(30 April 2014) |
||
| 300 | _a645 pages | ||
| 942 |
_2ddc _cBK |
||
| 999 |
_c761 _d761 |
||